01239nam a22002537a 450000500170000000800390001702000180005604000240007404100080009808200200010611101100012624501540023626000320039030000260042250000200044850000320046850501480050065000470064865000450069565000370074094200150077799900170079295201760080920150803163519.0141015s2013 my l 000 0 eng a9789675412851 aDLCcDLCdCO-BoIAVH0 aeng04a333.95316bB52n2 aBerne declaration, Bread for the World, Ecoropa, Tebtebba and Third World NetworkcNagoya (Japón)d201310aNagoya Protocol on Access to Genetic Resources and the Fair and Equitable Sharing of Benefits Arising from Their UtilizationbBackground and Analysis3 aMalasia:bJutaprint,c2013. a155 páginas;c24 cm aIncluye anexos. aIncluye índice de tablas. aCap. 1 Introduction. Cap. 2 Background. Cap. 3 Analysis of the Nagoya Protocol. Cap. 4 Deveploment of effective ABS systems. Cap. 5 Conclusion. 4aRecursos genéticosxInvestigaciónxUso 6aPlantasxInvestigaciónxConservación 0aBiotecnologíaxInvestigación 2ddccLIBRO c17638d17638 00102ddc40708GENERALIINV2017aBogotabBogotad2015-09-16eInstitutog39000.00l0oLB-333.95316 B52np038878r2015-09-16 00:00:00tEj. 1w2015-09-16xDonaciónyLIBRO